000 01468cam a22003857a 4500
003 CHAP
005 20220329142728.0
008 030317d2002 mx r 00110 spa d
010 _a86961
011 _a87933
035 _a98478
040 _cCHAP
090 _aTesis
100 0 0 _aParada Matamoros, Noé.
_985437
245 1 0 _aEvaluación del programa de abasto de fertilizantes del Estado de Tlaxcala, ciclo agrícola primavera-verano 2001
_c/por Noé Parada Matamoros y Noé Matamoros López
260 _aChapingo, Méx. :
_bEl autor,
_c2002.
300 _a56 h.
502 _aTesis (Lic. en Economía Agrícola) -- UACH. División de Ciencias Económico Administrativas
590 _aALEPH
_b10
_c20130110
_lUCH01
_h1452
590 _aBATCH-UPD
_b10
_c20130110
_lUCH01
_h0010
590 _aBATCH-UPD
_b10
_c20130110
_lUCH01
_h0534
590 _aBATCH-UPD
_b10
_c20130409
_lUCH01
_h1947
590 _aBATCH-UPD
_b10
_c20130410
_lUCH01
_h0214
590 _aBATCH-UPD
_b10
_c20130914
_lUCH01
_h1103
590 _aCONVERSION
_b10
_c20130109
_lUCH01
_h1348
650 1 4 _aCrédito agrícola
_xTlaxcala.
_929083
650 1 4 _aFertilizantes
_xConsumo
_zTlaxcala.
_940469
650 1 4 _aPolítica agrícola
_xTlaxcala.
_990367
700 0 0 _aMatamoros López, Noé.
_972893
901 _aBK
905 _aMayto Villalobos S.
942 _cFOLL
949 _aTesis
_bBC
_cTES
_d33724000887741
_eTS2
_fc.2
_h40552
_i98478
_sb
949 _aTesis
_bBC
_cTES
_d98478123
_eTS1
_h40551
_i98478
_sb
999 _c86961
_d86961